000 00319nam a22001457a 4500
003 SGT
020 _a978-1-4129-2685-0
082 _a614, B10D
100 _aDEMO, DAVID H.
245 _aBEYOND THE AVERAGE DIVORCE
260 _aLOS ANGELES
_bSAGE
300 _a198
650 _aCOMMUNITY MEDICINE
942 _2ddc
_cBK
999 _c8340
_d8340